| 000 | 01128nam a2200241Ia 4500 | ||
|---|---|---|---|
| 999 |
_c38644 _d38644 |
||
| 001 | 4866 | ||
| 003 | GE_BSU | ||
| 005 | 20190815100457.0 | ||
| 008 | 181216s2008||||ge |||||||||||||| ||geo|| | ||
| 020 | _a9789994055562 | ||
| 040 | _cGE_BSU | ||
| 041 | _ageo | ||
| 080 | _a811.353.31 კ-18 | ||
| 100 |
_aკალანდია,თეა _93606 |
||
| 245 |
_aლაზური ტექსტები პწკარედული თარგმანით / _cთეა კალანდია ; რედ. გურამ კარტოზია ; სერიის მთ. რედ. ბუბა კუდავა. |
||
| 264 |
_aთბილისი : _bარტანუჯი ; _c2008. |
||
| 300 |
_a301 გვ. ; _c20 სმ. |
||
| 541 | _h10ლ.50თ. | ||
| 653 | _aლაზური ტექსტები პწკარედული თარგმანით | ||
| 700 |
_aკარტოზია, გურამ _eრედაქტორი _93607 |
||
| 700 |
_aკუდავა, ბუბა _eსერიის მთავარი რედაქტორი _93540 |
||
| 942 |
_cBK _2udc |
||